000 00742nam a2200265Ia 4500
003 OSt
005 20221005084356.0
006 a|||||r|||| 00| 0
007 ta
008 221004b |||||||| |||| 00| 0 eng d
020 _a9780440242406 (pbk)
_c
_ 7.99
024 _a70422
037 _bGift, 26/11/2021,
_cTextual
040 _aCRL
_cCRL
_beng
041 _2eng
_aeng
082 _aO111,3N69,RM, P8
100 _aKinsella Sophie Au.
245 0 _aRemember me
260 _aNew York
_bA Dell Book USA
_c2008
300 _a430p.
_ccm.
650 _a ENGLISH LITERATURE
650 _aENGLISH FICTION
942 _hO111,3N69,RM, P8
_cTEXL
_2cc
999 _c992481
_d992481